| 000 | 00762nam a2200217 a 4500 | ||
|---|---|---|---|
| 001 | 5882 | ||
| 003 | CDMR | ||
| 005 | 20131128132401.0 | ||
| 008 | 130220s2008||||||||||||||||||||||||||||d | ||
| 020 | _a9788479080242 | ||
| 040 |
_aCDMR _bcat _cCDMR |
||
| 100 | 1 |
_aPapí Gálvez, Natalia _92899 |
|
| 245 | 1 | 3 |
_aEl género entre bastidores _b: el caso de las periodistas de la Comunidad Valenciana _cNatalia Papí Gálvez |
| 260 |
_aAlicante _bPublicaciones de la Universidad de Alicante _c2008 |
||
| 300 |
_a435 p ; _c20 cm |
||
| 650 | 0 | 4 |
_92913 _aDones periodistes |
| 650 | 0 | 4 |
_92767 _aPeriodistes _xSituació legal, lleis, etc |
| 650 | 0 | 4 |
_94341 _aMercat de treball _zEspanya |
| 650 | 0 | 4 |
_93266 _aMitjans de comunicació de massa _zComunitat Valenciana |
| 942 |
_cMON _2udc |
||
| 999 |
_c5882 _d5882 |
||